| 000 | 00453nam a22001697a 4500 | ||
|---|---|---|---|
| 003 | LC | ||
| 005 | 20170228103821.0 | ||
| 008 | 121207t xxu||||| |||| 00| 0 eng d | ||
| 020 | _a8171813143 | ||
| 050 |
_aGR 325 _b.M333 1996 |
||
| 082 |
_aFIL 398.21599 _bM337 1996 |
||
| 100 | _aMariano, M. | ||
| 245 |
_aFolk tales of Philippines / _cM. Mariano. |
||
| 260 |
_aNew Delhi : _bLearners Press, _c1996. |
||
| 300 |
_a120 p. : _c18 cm. |
||
| 942 |
_2lcc _cBK |
||
| 999 |
_c1522 _d1522 |
||